| 000 | 00699nam a2200229 a 4500 | ||
|---|---|---|---|
| 999 |
_c10868 _d10868 |
||
| 001 | 10868 | ||
| 003 | BD-JhCC | ||
| 005 | 20221107134024.0 | ||
| 008 | 190522b2018 bg |||| ||a| 000 0 ben d | ||
| 020 | _a9789845261128 | ||
| 035 | _a(BD-JhCC)10868 | ||
| 040 |
_aBD-JhCC _dBD-JhCC |
||
| 041 | _aben | ||
| 082 |
_a891.3 _bAHM 2018 |
||
| 100 | _aমোশতাক, আহমেদ | ||
| 245 |
_aনির্বাচিত সায়েন্স ফিকশন / _cমোশতাক আহমেদ । |
||
| 260 |
_aঢাকা, _bঅনিন্দ্য প্রকাশ; _c2018. |
||
| 300 |
_a511 p. : _c22 cm. |
||
| 650 | _aBengali fiction | ||
| 942 |
_2ddc _cBK _017 |
||